MARC

LEADER 00000nam0a2200000 4500
001 322085
005 20231102003435.0
035 |a (RuTPU)RU\TPU\book\347641 
090 |a 322085 
100 |a 20160915d1897 km y0rusy50 ca 
101 0 |a rus 
102 |a RU 
105 |a ab z 000zy 
200 1 |a Исследование северной части Черноморского побережья горного инженера А. М. Коншина в 1896 году  |f А. М. Коншин 
210 |a Тифлис  |c Издание Кавказского Горного Управления  |d 1897 
215 |a 184 с.  |c ил.  |e Прилож. : 1 л. карт. 
606 1 |a Геология  |y Кавказ  |2 stltpush  |3 (RuTPU)RU\TPU\subj\72077  |9 85665 
610 1 |a Черноморское побережье 
610 1 |a геологическое строение 
610 1 |a орографический очерк 
610 1 |a рельеф 
610 1 |a петрографический состав 
610 1 |a полезные ископаемые 
610 1 |a цементный камень 
610 1 |a реки 
675 |a 55(549)  |v 4 
700 1 |a Коншин  |b А. М. 
801 1 |a RU  |b 63413507  |c 20160915 
801 2 |a RU  |b 63413507  |c 20200604  |g RCR 
942 |c BK